Countries Closest to Andorra - Statistics

General Stats
  • This quiz has been taken 4,720 times
  • The average score is 18 of 20
Answer Stats
km country miles % Correct
0 France 0
100%
0 Spain 0
100%
485 Italy 301
98%
718 Germany 446
96%
637 Portugal 396
96%
515 Switzerland 320
96%
821 Belgium 510
95%
474 Monaco 294
93%
956 Netherlands 594
93%
904 United Kingdom 562
93%
880 Vatican City 547
93%
793 Austria 493
92%
832 Luxembourg 517
91%
867 Morocco 539
91%
873 San Marino 542
91%
784 Liechtenstein 487
90%
637 Algeria 396
89%
856 Tunisia 532
86%
996 Slovenia 619
77%
988 Croatia 614
65%
No matching quizzes found
Score Distribution
Percent of People with Each Score
Percentile by Number Answered
Your Score History
You have not taken this quiz